| 000 | 00592nam a22001937a 4500 | ||
|---|---|---|---|
| 999 |
_c17797 _d17797 |
||
| 008 | 190702b xxu||||| |||| 00| 0 eng d | ||
| 020 | _a0826460776 | ||
| 040 |
_aKABU _cKABU |
||
| 050 |
_aTX911 _b.J66 c. 1 |
||
| 100 | _aJones, Peter | ||
| 245 |
_aIntroduction to hospitality operations _ban indispensable guide to the industry _cPeter Jones |
||
| 250 | _a2nd ed. | ||
| 260 |
_aAustralia _bCengage Learning _c2002 |
||
| 300 | _axiii, 301 p. | ||
| 650 | _aHospitality industry | ||
| 650 | _aFood service management | ||
| 650 | _aHotel managemen | ||
| 942 |
_2lcc _cBK _e2nd ed. _hTX911 |
||